000 00378 a2200109 4500
001 ART_18687
005 20260410161703.0
008 260409a
245 1 0 _aLa justicia y el criterio interpretativo sobre exenciones y exclusiones en el impuesto a las ganancias
100 1 _aFerraro, Ricardo H.
773 0 _tRevista Impuestos
_g- NÂș 12 (nov. 2010)
_wREV639
999 _c15366
_d15366